000 00447nam a2200157 i 4500
001 62263
003 ES-MaACL
005 20230906164634.0
007 t|
008 031119s1977 sp ||||1| spa d
100 1 _aFernández, Adolfo E.
_949327
245 1 4 _aLas plantas en las Sagradas Escrituras /
_cAdolfo E. Fernández.
260 _a[Tarrasa] :
_bClie,
_c[1977]
300 _a72 p., 3 lám. ;
_c18 cm.
852 _aES-MaACL
_jA-7274
_bR.95988
999 _c62263
_d62263